ORIENTASI ASRAMA

Bibliographic Details
Main Author: Haryani Kamilan (Author)
Format: Book
Language:Malay
Published: Bandar Baru Nilai, Negeri Sembilan : BLINK BOOK SDN. BHD. 2025
Subjects:

MARC

LEADER 00000cam a2200000 7i4500
001 0000158541
005 20260303.0
008 260303s2025 my a x f may
020 |a 9786297687810 
040 |a PERPUSTAM   |b eng   |c PERPUSTAM   |e rda 
041 |a may 
090 0 0 |a BF   |b HAR 
100 0 |a Haryani Kamilan ,   |e author 
245 1 0 |a ORIENTASI ASRAMA   |c HARYANI KAMILAN 
264 1 |a Bandar Baru Nilai, Negeri Sembilan :   |b BLINK BOOK SDN. BHD.   |c 2025 
300 |a 119 pages :   |b illustrations ;   |c 19 cm. 
336 |a text  |2 rdacontent 
337 |a unmediated  |2 rdamedia 
338 |a volume  |2 rdacarrier 
650 1 0 |a Malay fiction 
650 2 4 |a Malaysian fiction 
999 |a 0000854825   |b Buku   |c Rak Terbuka   |e Perbadanan Perpustakaan Awam Melaka 
999 |a 0000854826   |b Buku   |c Rak Terbuka   |e Perbadanan Perpustakaan Awam Melaka 
999 |a 0000854827   |b Buku   |c Rak Terbuka   |e Perpustakaan Cawangan Jasin 
999 |a 0000854828   |b Buku   |c Rak Terbuka   |e Perpustakaan Cawangan Masjid Tanah 
999 |a 0000854829   |b Buku   |c Rak Terbuka   |e Perpustakaan Cawangan Merlimau 
999 |a 0000854830   |b Buku   |c Rak Terbuka   |e Perbadanan Perpustakaan Awam Melaka 
999 |a 0000854831   |b Buku   |c Rak Terbuka   |e Perbadanan Perpustakaan Awam Melaka 
999 |a 0000854832   |b Buku   |c Rak Terbuka   |e PK Aeon Jaya Jusco 
999 |a 0000854833   |b Buku   |c Rak Terbuka   |e Perbadanan Perpustakaan Awam Melaka 
999 |a 0000854834   |b Buku   |c Rak Terbuka   |e Perbadanan Perpustakaan Awam Melaka 
999 |a 0000854835   |b Buku   |c Rak Terbuka   |e Perbadanan Perpustakaan Awam Melaka 
999 |a 0000854836   |b Buku   |c Rak Terbuka   |e Perpustakaan Desa Asahan 
999 |a 0000854837   |b Buku   |c Rak Terbuka   |e Perbadanan Perpustakaan Awam Melaka 
999 |a 0000854838   |b Buku   |c Rak Terbuka   |e Perbadanan Perpustakaan Awam Melaka 
999 |a 0000854839   |b Buku   |c Rak Terbuka   |e Perbadanan Perpustakaan Awam Melaka 
999 |a 0000854840   |b Buku   |c Rak Terbuka   |e Perbadanan Perpustakaan Awam Melaka 
999 |a 0000854841   |b Buku   |c Rak Terbuka   |e Perbadanan Perpustakaan Awam Melaka 
999 |a 0000854842   |b Buku   |c Rak Terbuka   |e Perbadanan Perpustakaan Awam Melaka 
999 |a 0000854843   |b Buku   |c Rak Terbuka   |e Perbadanan Perpustakaan Awam Melaka 
999 |a 0000854844   |b Buku   |c Rak Terbuka   |e Perbadanan Perpustakaan Awam Melaka